000
00248 a2200109 4500
020
_a
0078817803
082
_a
005.4469 JAM
100
_a
Jamsa, Kris
245
_a
DOS Inside and Out
260
_a
USA
_b
McGraw Hill
_c
1991
300
_a
xv, 878p. :
_c
25cm
650
_a
DOS. Computer
999
_c
163
_d
163